| Tag |
First Indicator |
Second Indicator |
Subfields |
| LEADER |
00000cam a2200000Ia 4500 |
| 001 |
in00002516821 |
| 005 |
20151111071708.0 |
| 008 |
080814s2009 enka b 101 0 eng d |
| 020 |
|
|
|a 9780415481410
|
| 020 |
|
|
|a 0415481414
|
| 029 |
1 |
|
|a BWK
|b L7817793
|
| 035 |
|
|
|a (OCoLC)ocn244063529
|
| 035 |
|
|
|a (OCoLC)244063529
|
| 040 |
|
|
|a BTCTA
|c BTCTA
|d BAKER
|d YDXCP
|d BWK
|d DKAGE
|d U3G
|d UtOrBLW
|
| 049 |
|
|
|a TXAM
|
| 050 |
|
4 |
|a DS389
|b .P35 2009
|
| 082 |
0 |
4 |
|a 954.91053
|2 22
|
| 245 |
0 |
0 |
|a Pakistan in Regional and Global Politics /
|c editor, Rajshree Jetly.
|
| 264 |
|
1 |
|a London ;
|a New York :
|b Routledge,
|c 2009.
|
| 300 |
|
|
|a xxxv, 365 pages :
|b illustrations ;
|c 23 cm.
|
| 336 |
|
|
|a text
|b txt
|2 rdacontent
|
| 337 |
|
|
|a unmediated
|b n
|2 rdamedia
|
| 338 |
|
|
|a volume
|b nc
|2 rdacarrier
|
| 504 |
|
|
|a Includes bibliographical references (pages [333]-349) and index.
|
| 520 |
|
|
|a Papers presented at a conference held at Singapore in May 2007.
|
| 651 |
|
0 |
|a Pakistan
|x Politics and government
|y 1988-
|v Congresses.
|
| 651 |
|
0 |
|a Pakistan
|x Foreign relations
|v Congresses.
|
| 700 |
1 |
|
|a Jetly, Rajshree.
|
| 938 |
|
|
|a Baker and Taylor
|b BTCP
|n BK0007907252
|
| 938 |
|
|
|a Baker & Taylor
|b BKTY
|c 100.00
|d 100.00
|i 0415481414
|n 0007907252
|s active
|
| 938 |
|
|
|a YBP Library Services
|b YANK
|n 2871643
|
| 938 |
|
|
|a Blackwell Book Service UK
|b BBUK
|n L7817793
|c 55.00
|
| 938 |
|
|
|a D.K. Agencies (P) Ltd.
|b DKAP
|n DK-194602-HBD
|
| 945 |
|
|
|a PromptCat
|b 798979
|
| 946 |
|
|
|a stk
|
| 947 |
|
|
|a A14840166314
|
| 994 |
|
|
|a 92
|b TXA
|
| 948 |
|
|
|a cataloged
|b h
|d 2009/10/2
|h c
|e asalazar
|f 11:52:02 am
|
| 999 |
|
|
|a MARS
|
| 999 |
f |
f |
|s 021144fb-05c6-3fe9-8af8-dbfdbaee89bf
|i 1c85d320-19a7-34c6-9b02-ffcd02a6835c
|t 0
|
| 952 |
f |
f |
|p ric
|a Texas A&M University
|b Rellis Campus
|c Joint Library Facility
|d Remote Storage
|t 0
|e DS389 .P35 2009
|h Library of Congress classification
|i unmediated -- volume
|m A14840166314
|
| 998 |
f |
f |
|a DS389 .P35 2009
|t 0
|l Remote Storage
|